Loading...
| Science - Biology | 0 | 5 | 0 | 0 | 50 | 17 | 46.00 | 3 | 5 | 25.93 | 38.33 |
| Science - Chemistry | 0 | 5 | 2 | 0 | 40 | 51 | 82.60 | 3 | 5 | 13.10 | 37.50 |
| Science - Physics | 0 | 4 | 0 | 1 | 40 | 94 | 107.25 | 0 | 1 | 5.43 | 17.50 |
| Literature - British | 0 | 4 | 1 | 0 | 35 | 63 | 96.00 | 2 | 4 | 10.30 | 30.00 |
| Philosophy | 0 | 2 | 0 | 0 | 20 | 87 | 103.00 | 1 | 2 | 4.39 | 12.50 |
| Social Science | 0 | 1 | 0 | 1 | 10 | 124 | 124.00 | 0 | 0 | -0.14 | 1.67 |
| Fine Arts - Painting and Sculpture | 0 | 1 | 0 | 0 | 10 | 107 | 107.00 | 0 | 0 | 1.92 | 3.33 |
| Mythology | 0 | 1 | 0 | 0 | 10 | 73 | 73.00 | 0 | 1 | 3.76 | 7.50 |
| Science - Other | 0 | 1 | 1 | 0 | 5 | 100 | 100.00 | 0 | 1 | 1.50 | 6.67 |
| Fine Arts - Other | 0 | 0 | 1 | 0 | -5 | 0.00 | 0 | 0 | 0.00 | 0.00 |